000
00337nam a22001577a 4500
003
SGT
020
_a
9788789798536
082
_a
615,53.
_b
C22S
100
_a
SASTRI, KASINATHA
245
_a
CARAKA SAMHITA
260
_a
VARANASI
_b
CHAKHAMBHA PUB.
_c
2022
300
_a
920
650
_a
CARAKA
653
_a
CARAKA
942
_2
ddc
_c
BK
_0
1
999
_c
24302
_d
24302